<?xml version="1.0" encoding="UTF-8"?>
<record
    xmlns:xsi="http://www.w3.org/2001/XMLSchema-instance"
    xsi:schemaLocation="http://www.loc.gov/MARC21/slim http://www.loc.gov/standards/marcxml/schema/MARC21slim.xsd"
    xmlns="http://www.loc.gov/MARC21/slim">

  <leader>00361nam a2200145Ia 4500</leader>
  <controlfield tag="008">150201s2010    xx            000 0 und d</controlfield>
  <datafield tag="082" ind1=" " ind2=" ">
    <subfield code="a">610.7368</subfield>
    <subfield code="b">G10S</subfield>
  </datafield>
  <datafield tag="100" ind1=" " ind2=" ">
    <subfield code="a">SREEVANI , R.</subfield>
  </datafield>
  <datafield tag="245" ind1=" " ind2="2">
    <subfield code="a">A GUIDE TO MENTAL HEALTH &amp; PSYCHIATRIC NIRSING</subfield>
  </datafield>
  <datafield tag="250" ind1=" " ind2=" ">
    <subfield code="a">3RD</subfield>
  </datafield>
  <datafield tag="260" ind1=" " ind2=" ">
    <subfield code="b">JAYPEE</subfield>
    <subfield code="a">DELHI</subfield>
    <subfield code="c">2010</subfield>
  </datafield>
  <datafield tag="300" ind1=" " ind2=" ">
    <subfield code="a">389</subfield>
  </datafield>
  <datafield tag="650" ind1=" " ind2=" ">
    <subfield code="a">PSYCHIATRY</subfield>
  </datafield>
  <datafield tag="942" ind1=" " ind2=" ">
    <subfield code="2">ddc</subfield>
    <subfield code="c">BK</subfield>
    <subfield code="0">82</subfield>
  </datafield>
  <datafield tag="952" ind1=" " ind2=" ">
    <subfield code="0">2</subfield>
    <subfield code="1">0</subfield>
    <subfield code="2">ddc</subfield>
    <subfield code="4">0</subfield>
    <subfield code="7">0</subfield>
    <subfield code="8">NURSING</subfield>
    <subfield code="a">FM</subfield>
    <subfield code="b">FM</subfield>
    <subfield code="c">TXT</subfield>
    <subfield code="d">2013-01-28</subfield>
    <subfield code="e">NBM DELHI</subfield>
    <subfield code="g">375.00</subfield>
    <subfield code="i">SGTU</subfield>
    <subfield code="l">37</subfield>
    <subfield code="o">610.7368 G10S</subfield>
    <subfield code="p">FN936</subfield>
    <subfield code="r">2021-11-24 00:00:00</subfield>
    <subfield code="s">2021-11-18</subfield>
    <subfield code="w">2013-01-28</subfield>
    <subfield code="y">BK</subfield>
    <subfield code="k">1345</subfield>
  </datafield>
  <datafield tag="952" ind1=" " ind2=" ">
    <subfield code="0">0</subfield>
    <subfield code="1">0</subfield>
    <subfield code="2">ddc</subfield>
    <subfield code="4">0</subfield>
    <subfield code="7">0</subfield>
    <subfield code="8">NURSING</subfield>
    <subfield code="a">FM</subfield>
    <subfield code="b">FM</subfield>
    <subfield code="c">TXT</subfield>
    <subfield code="d">2013-01-28</subfield>
    <subfield code="e">NBM DELHI</subfield>
    <subfield code="g">375.00</subfield>
    <subfield code="i">SGTU</subfield>
    <subfield code="l">80</subfield>
    <subfield code="m">2</subfield>
    <subfield code="o">610.7368 G10S</subfield>
    <subfield code="p">FN937</subfield>
    <subfield code="r">2024-12-09 00:00:00</subfield>
    <subfield code="s">2024-11-27</subfield>
    <subfield code="w">2013-01-28</subfield>
    <subfield code="y">BK</subfield>
    <subfield code="k">1345</subfield>
  </datafield>
  <datafield tag="952" ind1=" " ind2=" ">
    <subfield code="0">2</subfield>
    <subfield code="1">0</subfield>
    <subfield code="2">ddc</subfield>
    <subfield code="4">0</subfield>
    <subfield code="7">0</subfield>
    <subfield code="8">NURSING</subfield>
    <subfield code="a">FM</subfield>
    <subfield code="b">FM</subfield>
    <subfield code="c">TXT</subfield>
    <subfield code="d">2013-01-28</subfield>
    <subfield code="e">NBM DELHI</subfield>
    <subfield code="g">375.00</subfield>
    <subfield code="i">SGTU</subfield>
    <subfield code="l">46</subfield>
    <subfield code="o">610.7368 G10S</subfield>
    <subfield code="p">FN938</subfield>
    <subfield code="r">2021-02-11 00:00:00</subfield>
    <subfield code="s">2021-01-21</subfield>
    <subfield code="w">2013-01-28</subfield>
    <subfield code="y">BK</subfield>
    <subfield code="k">1345</subfield>
  </datafield>
  <datafield tag="952" ind1=" " ind2=" ">
    <subfield code="0">2</subfield>
    <subfield code="1">0</subfield>
    <subfield code="2">ddc</subfield>
    <subfield code="4">0</subfield>
    <subfield code="7">0</subfield>
    <subfield code="8">NURSING</subfield>
    <subfield code="a">FM</subfield>
    <subfield code="b">FM</subfield>
    <subfield code="c">TXT</subfield>
    <subfield code="d">2013-01-28</subfield>
    <subfield code="e">NBM DELHI</subfield>
    <subfield code="g">375.00</subfield>
    <subfield code="i">SGTU</subfield>
    <subfield code="l">36</subfield>
    <subfield code="o">610.7368 G10S</subfield>
    <subfield code="p">FN939</subfield>
    <subfield code="r">2021-07-15 00:00:00</subfield>
    <subfield code="s">2021-04-13</subfield>
    <subfield code="w">2013-01-28</subfield>
    <subfield code="y">BK</subfield>
    <subfield code="k">1345</subfield>
  </datafield>
  <datafield tag="952" ind1=" " ind2=" ">
    <subfield code="0">0</subfield>
    <subfield code="1">0</subfield>
    <subfield code="2">ddc</subfield>
    <subfield code="4">0</subfield>
    <subfield code="7">0</subfield>
    <subfield code="8">NURSING</subfield>
    <subfield code="a">FM</subfield>
    <subfield code="b">FM</subfield>
    <subfield code="c">TXT</subfield>
    <subfield code="d">2013-01-28</subfield>
    <subfield code="e">NBM DELHI</subfield>
    <subfield code="g">375.00</subfield>
    <subfield code="i">SGTU</subfield>
    <subfield code="l">74</subfield>
    <subfield code="m">1</subfield>
    <subfield code="o">610.7368 G10S</subfield>
    <subfield code="p">FN940</subfield>
    <subfield code="r">2025-11-08 00:00:00</subfield>
    <subfield code="s">2025-11-06</subfield>
    <subfield code="w">2013-01-28</subfield>
    <subfield code="y">BK</subfield>
    <subfield code="k">1345</subfield>
  </datafield>
  <datafield tag="999" ind1=" " ind2=" ">
    <subfield code="c">2116</subfield>
    <subfield code="d">2116</subfield>
  </datafield>
</record>
